000 00465nam a2200181Ia 4500
001 10521
005 20260306161838.0
008 260306t1973||||xx |||||||||||||| ||spa||
041 _aESP
082 _a940.1
_bM17
100 _aGeorg Maier, Franz
_eAUT
245 0 _aLas transformaciones del mundo mediterráneo:
_bsiglos III / VIII
260 _c1973
300 _avii, 413 páginas :
_c18 cm.
650 _aGEN
654 _aCHU
942 _cLIB
_dJUS
_fJUS
_2ddc
_n
999 _c10521
_d10521